00000000nam 2200000zi 4500
0019.953819
003CaOODSP
00520250821102815
006m     o  d f      
007cr cn ||||||||
008250805e202508  onc     ob   f000 0 fre d
020 |a9780660783642
040 |aCaOODSP|bfre|erda|cCaOODSP
043 |an-cn---
0861 |aA104-663/2025F-PDF
1102 |aAgence canadienne d'inspection des aliments.|eauteur, |eorganisme de publication.
24510|aCode de conduite.
264 1|aOttawa (Ontario) : |bAgence canadienne d'inspection des aliments = Canadian Food Inspection Agency, |caoût 2025.
264 4|c©2025
300 |a1 ressource en ligne (16 pages)
336 |atexte|btxt|2rdacontent/fre
337 |ainformatique|bc|2rdamedia/fre
338 |aressource en ligne|bcr|2rdacarrier/fre
500 |aPublié aussi en anglais sous le titre : Code of conduct.
500 |a« À compter de juin 2025 » -- Couverture.
504 |aComprend des références bibliographiques.
61026|aAgence canadienne d’inspection des aliments|xFonctionnaires|xDéontologie.
77508|tCode of conduct.|w(CaOODSP)9.953820
85640|qPDF|s532 Ko|uhttps://publications.gc.ca/collections/collection_2025/acia-cfia/A104-663-2025-fra.pdf
8564 |qHTML|sS.O.|uhttps://inspection.canada.ca/fr/propos-lacia/possibilites-demploi/code-conduite